Cézium-137 szennyezettség mérés élelmiszerekben

Eine leicht durchführbare Rutinemethode wird zur Messung der Cs—137- Verunreinigung in Lebensmitteln empfohlen. Bei selektiver Bindung an Ammoniumphosphormolybdat (AMP)beipH 1,5 —3,0 in Anwesenheit von 30 Cs+-Trägerstoff sind sogar 10 pCI von Cäsium —137 gut messbar in einer Lösung von 250 cm3, fall...

Teljes leírás

Elmentve itt :
Bibliográfiai részletek
Szerzők: Szentesi György
Schlechta Antal
Dokumentumtípus: Cikk
Megjelent: Lapkiadó Vállalat Budapest 1976
Sorozat:Élelmiszervizsgálati közlemények 22 No. 5-6
Kulcsszavak:Radioaktív szennyezettség - mérés - élelmiszerek és környezet
Tárgyszavak:
Online Access:http://acta.bibl.u-szeged.hu/80693
LEADER 02138nab a2200265 i 4500
001 acta80693
005 20230826105909.0
008 230825s1976 hu o 0|| hun d
040 |a SZTE Egyetemi Kiadványok Repozitórium  |b hun 
041 |a hun 
041 |a eng 
041 |a ger 
041 |a rus 
100 1 |a Szentesi György 
245 1 0 |a Cézium-137 szennyezettség mérés élelmiszerekben  |h [elektronikus dokumentum] /  |c  Szentesi György 
260 |a Lapkiadó Vállalat  |b Budapest  |c 1976 
300 |a 305-308 
490 0 |a Élelmiszervizsgálati közlemények  |v 22 No. 5-6 
520 3 |a Eine leicht durchführbare Rutinemethode wird zur Messung der Cs—137- Verunreinigung in Lebensmitteln empfohlen. Bei selektiver Bindung an Ammoniumphosphormolybdat (AMP)beipH 1,5 —3,0 in Anwesenheit von 30 Cs+-Trägerstoff sind sogar 10 pCI von Cäsium —137 gut messbar in einer Lösung von 250 cm3, falls man 500 mg AMP zufügt, dann filtriert, präpariert, und misst die A ktivitä t nach Trocknung,unter Anwendung eines GM-Rohrs. Vorder Einstellung des pH-Wertes reinigt man die salpetersauren Lösungen der veraschten Lebensmittelmuster durch Zentrifugieren. A readily conductable routine method is suggested for the measurement of contamination of foods by cesium —137. Even 10 pCi of cesium-137 can be reliably determined by selective binding on ammonium phosphomolybdate (AMP) at pH 1.5-3.0 in the presence of 30 mg of Cs+-carrier from a solution volume of 250 cm3, provided 500 mg of AMP is mixed up with the sample, then filtered, processed and dried, and activity is determined with the use of a GM valve. Prior to adjusting the pH value, the nitric acid solutions of the incinerated food samples are purified by centrifuging. 
650 4 |a Műszaki és technológiai tudományok 
650 4 |a Egyéb műszaki tudományok és technológiák 
650 4 |a Élelmiszer és italfélék 
695 |a Radioaktív szennyezettség - mérés - élelmiszerek és környezet 
700 0 1 |a Schlechta Antal  |e aut 
856 4 0 |u http://acta.bibl.u-szeged.hu/80693/1/elelmiszervizsgalati_kozlemenyek_1976_05-06_305-308.pdf  |z Dokumentum-elérés